Емоциите и чувствата като форма на отражение на действителността (Запис номер 57858)
[ съкратено ]
| 000 -Лидер | |
|---|---|
| Контролно поле с фиксирана дължина | 00880nam a2200277 c 4500 |
| 003 - Код на организацията, давaща контролен номер | |
| Контролно поле | BLK |
| 005 - Дата и час на последна редакция | |
| Контролно поле | 20220526133643.0 |
| 008 - Елементи от данни с фиксирана дължина | |
| fixed length control field | 180408b bul|||||r ||||||| ||bul|| |
| 010 ## - Наследен системен номер | |
| LC control number | KNG00061871000 |
| 040 ## - Източник на каталожния запис | |
| Идентификатор на билиотеката - собственик на записа | BLK |
| 041 ## - Код за език | |
| Код за езика на текст/звукозапис или на отделно заглавие | Български |
| Код за езика КДБФ | Български |
| 080 ## - УДК | |
| Текстов определител УДК | Психология |
| УДК код - определител по УДК | 159.9 |
| УДК - код + определител | 159.9 |
| 100 ## - Редна дума - Автор | |
| Автор | Шингаров, Георги Христович |
| Авторска отговорност | първи автор |
| R(LIN) | 475166 |
| 139 ## - Редно поле | |
| Редна дума | Шингаров, Георги Христович |
| 245 10 - Сведения за заглавието | |
| Заглавие | Емоциите и чувствата като форма на отражение на действителността |
| Редно поле (дума) | Георгий Шингаров ; прев. от рус. ез. Йорданка Осиковска |
| Подзаглавни данни | [Изследване] |
| 257 ## - Страна на издаване | |
| Страна на създаване/издаване | България |
| 260 ## - Област на издателските данни | |
| Име на издателя, разпространителя и проч. | Наука и изкуство |
| Година на издаване | 1980 |
| 9 (RLIN) | 209548 |
| Място на издаване, разпространение и проч. | София |
| Издателство - префикс ISBN | 978-954-02- |
| 300 ## - Физическа характеристика | |
| Страници | 206 с. |
| Размери/Мащаб | 20 см |
| 380 ## - Жанр | |
| Жанр | Философия |
| 500 ## - Общи забележки | |
| Забележка | Ориг. загл. Эмоции и чувства как формы отражения действительности<br/>1 130 тир<br/>Библиогр. под линия |
| 650 #4 - Допълнително описание по предмет – тема | |
| Основно описание – тема или топоним | Чувства |
| 9 (RLIN) | 177703 |
| 650 #0 - Допълнително описание по предмет – тема | |
| Основно описание – тема или топоним | Познание - теория |
| 9 (RLIN) | 262864 |
| 700 ## - Други автори (авторска отговорност) | |
| 9 (RLIN) | 313588 |
| Лично име | Осиковска, Йорданка |
| Автороска отговорност (Описва отношението между автора и произведението) | прев. от рус. |
| 852 ## - Местоположение | |
| Форматна сигнатура | Цб 103777 |
| Фондова буква | Хранилище |
| 856 4# - Електронен адрес и достъп | |
| Електронен формат | pdf - файл |
| 856 4# - Електронен адрес и достъп | |
| Електронен формат | pdf - файл |
| 999 ## - СИСТЕМНИ КОНТРОЛНИ НОМЕРА | |
| Koha biblionumber | 57858 |
| Koha biblioitemnumber | 57858 |
| 942 ## - АРТИКУЛИ | |
| Вид на библиотечния материал | Книги |
| Скрит в OPAC | Не |
| Периодичен библиозапис | Да |
| 944 ## - СЪЗДАВАНЕ И РЕДАКЦИЯ на ЗАПИСА | |
| Създаване/Редакция | Създаване |
| Дата на регистрацията/редакция | 13.06.2004 |
| Служител, извършил регистрацията/редакцията | Читалня |
| 944 ## - СЪЗДАВАНЕ И РЕДАКЦИЯ на ЗАПИСА | |
| Създаване/Редакция | Редакция |
| Дата на регистрацията/редакция | 23.10.2015 |
| 944 ## - СЪЗДАВАНЕ И РЕДАКЦИЯ на ЗАПИСА | |
| Създаване/Редакция | Редакция |
| Дата на регистрацията/редакция | 2022-05-26 |
| 999 ## - СИСТЕМНИ КОНТРОЛНИ НОМЕРА | |
| Koha biblioitemnumber | 57858 |
| 999 ## - СИСТЕМНИ КОНТРОЛНИ НОМЕРА | |
| Koha biblioitemnumber | 57858 |
| Код за отписване | Код за изгубен артикул | Източник на класификационната схема | Код за повреда | Коз за рестрикции | Код за отдаване | Артикулен № | Име на библиотеката - собственик | Име на библиотеката, в която се намира в момента | Статус (Текущо местоположение) | Дата на вписване в системата | Местоположение - отдел | Цена в лева | Инвентарен номер | Систематично азбучна сигнатура | Баркод | Номер на екземпляра | Цена в евро | Служебна бележка | Служебен тип на артикула |
|---|---|---|---|---|---|---|---|---|---|---|---|---|---|---|---|---|---|---|---|
| Не е изгубен | Universal Decimal Classification | Не е повреден | без рестрикции | ползва се в читалня | 94603 | Регионална библиотека "Любен Каравелов" Русе | Регионална библиотека "Любен Каравелов" Русе | Читалня | 1993-01-01 | Читалня | 1.96 | 310824 | Ч 159.9/Ш66Г | 120000310824 | 1 | 1.00 | Дата инв: 21.03.2017 Бележки инв: Ч2017 | Книги | |
| Не е изгубен | Universal Decimal Classification | Не е повреден | без рестрикции | ползва се в читалня | 94604 | Регионална библиотека "Любен Каравелов" Русе | Регионална библиотека "Любен Каравелов" Русе | Хранилище | 1980-01-01 | Хранилище | 1.96 | 305144 | Цб 103777 | 120000305144 | 2 | 1.00 | N: стар фонд Дата: 01.01.1980 | Книги |